Finn Wolfhard- Choose the Latter Lyrics - Statistics

General Stats
  • This quiz has been taken 25 times
  • The average score is 125 of 186
Answer Stats
Hint Answer % Correct
a
100%
I
100%
Chorus | Verse If
100%
the
100%
be
86%
choose
86%
latter
86%
and
71%
Pre-Chorus And
71%
by
71%
can
71%
can't
71%
choice
71%
don't
71%
move
71%
see
71%
there
71%
To
71%
was
71%
all
57%
breathe
57%
it
57%
my
57%
On
57%
on
57%
own
57%
scraping
57%
speak
57%
time
57%
When
57%
when
57%
at
43%
been
43%
chute
43%
fall
43%
for
43%
hear
43%
I'd
43%
isles
43%
me
43%
miles
43%
night
43%
now
43%
points
43%
sea
43%
voice
43%
walking
43%
Why
43%
afford
29%
afraid
29%
alone
29%
Pre-Chorus As
29%
best
29%
crying
29%
dream?
29%
Get
29%
hope
29%
ight
29%
I'm
29%
it'll
29%
It's
29%
Just
29%
lose
29%
nuance
29%
Outro (Ooh
29%
Ooh
29%
Ooh)
29%
out
29%
permanently
29%
seems
29%
shame
29%
she
29%
sings
29%
spend
29%
stick
29%
tomorrow?
29%
we
29%
stranded
14%
No matching quizzes found
Score Distribution
Percent of People with Each Score
Percentile by Number Answered
Your Score History
You have not taken this quiz